|
|
|
|
| LEADER |
00000nam a2200000 a 4500 |
| 001 |
vtls010450223 |
| 003 |
SK-MaSNL |
| 005 |
20260331205722.0 |
| 008 |
151112s2007 xr a f 000 0 cze |
| 020 |
|
|
|a 9788088870661 (brož.)
|
| 035 |
|
|
|a A5819EE9-913F-4FFE-A751-B0A6A597C0EE
|
| 035 |
|
|
|a urn:nbn:sk:snk-amjy87
|
| 035 |
|
|
|a urn:nbn:sk:snk-am007xvn
|
| 040 |
|
|
|a SNK
|b slo
|c SNK
|e AACR2
|
| 041 |
1 |
|
|a cze
|h slo
|
| 044 |
|
|
|a xr
|c CZ
|
| 072 |
|
7 |
|a 37
|x Výchova a vzdelávanie
|2 konspekt
|
| 080 |
|
|
|a 37.043.2
|2 2001
|
| 080 |
|
|
|a 334.734
|2 2001
|
| 080 |
|
|
|a 371.214
|2 2001
|
| 080 |
|
|
|a 364-7
|2 2001
|
| 080 |
|
|
|a (4)
|2 2001
|
| 080 |
|
|
|a (083.94)
|2 2001
|
| 100 |
1 |
|
|a Hesková, Marie
|4 trl
|9 311897
|
| 245 |
1 |
0 |
|a Vzdělávání v evropských družstvech
|b souhrnný model družstevního vzdělávaní projektu COCADE
|c Marie Hesková a kolektiv ; [ze slovenského textu přeložila Marie Hesková]
|
| 246 |
3 |
0 |
|a Souhrnný model družstevního vzdělávaní projektu COCADE
|
| 246 |
1 |
4 |
|a Od exkluze k inkluzi
|
| 260 |
|
|
|a Bratislava
|b Kartprint
|c 2007
|
| 300 |
|
|
|a [42] s.
|b tab.
|c 30 cm
|
| 630 |
0 |
7 |
|a COCADE (projekt)
|2 SNKPH
|9 415788
|
| 650 |
0 |
7 |
|a integrovaná výchova a vzdelávanie
|2 SNKPH
|9 67219
|
| 650 |
0 |
7 |
|a výrobné družstvá
|2 SNKPH
|9 2136
|
| 650 |
0 |
7 |
|a vzdelávacie programy
|2 SNKPH
|9 4069
|
| 650 |
0 |
7 |
|a sociálne služby
|2 SNKPH
|9 3721
|
| 650 |
0 |
7 |
|a Integrated education
|2 SNKPHeng
|9 306558
|
| 650 |
0 |
7 |
|a Producer cooperatives
|2 SNKPHeng
|9 415789
|
| 650 |
0 |
7 |
|a Social service
|2 SNKPHeng
|9 267835
|
| 650 |
0 |
7 |
|a Educational programs
|2 SNKPHeng
|9 314422
|
| 651 |
|
7 |
|a krajiny Európskej únie
|2 SNKPH
|9 31482
|
| 655 |
|
7 |
|a projekty
|2 SNKPH
|9 70560
|
| 655 |
|
7 |
|a European Union countries
|2 SNKPHeng
|9 415790
|
| 655 |
|
7 |
|a Projects
|2 SNKPHeng
|9 310223
|
| 919 |
|
|
|a 978-80-88870-66-1
|
| 999 |
|
|
|c 666021
|d 667951
|
| 952 |
|
|
|a SNK
|b SNK
|y VYP
|7 0
|p 17A1049417
|o snkSB 83470 D1
|i snk2012/17966
|8 1
|0 0
|1 0
|4 0
|d 2012-09-14
|l 0
|r 2016-06-30 00:00:00
|w 2026-02-23
|
| 952 |
|
|
|a SNK
|b SNK
|y PREZ
|7 0
|p 17A1049416
|o snkSB 83470
|i snk2012/17965
|8 1
|0 0
|1 0
|4 0
|d 2012-09-14
|f 1
|l 0
|r 2025-05-06 00:00:00
|w 2026-02-23
|